[Event "LEM M-V 2026 Meisterturnier"]
[Site "Neubrandenburg"]
[Date "2026.03.28"]
[Round "1.1"]
[White "Herrmann, Jakob"]
[Black "Kunow, Frank"]
[Result "1-0"]
[Time "09:30:00"]
[WhiteElo "2203"]
[BlackElo "1957"]

1. d4 Nf6 2. c4 e6 3. g3 d5 4. Bg2 Be7 5. Nf3 O-O 6. O-O c6 7. Nbd2 b6 8. b3 Bb7 9. Bb2 Nbd7 10. e3 a5 11. a3 Ba6 12. Qc2 b5 13. c5 Qc7 14. b4 Bb7 15. a4 bxa4 16. Rxa4 axb4 17. Rfa1 Rxa4 18. Rxa4 Ra8 19. Rxb4 Bc8 20. Bf1 Qa5 21. Bc3 Qa3 22. Rb1 Qa2 23. Rb2 Qa4 24. Bd3 Qxc2 25. Bxc2 Bd8 26. Rb4 Ra3 27. Nb1 Ra2 28. Bb3 Ra6 29. Ra4 Bc7 30. Nbd2 h6 31. Ne1 e5 32. Nc2 exd4 33. exd4 Rxa4 34. Bxa4 Nb8 35. Nb3 Ne4 36. Ba5 Bxa5 37. Nxa5 Bd7 38. Nb4 Nc3 39. Bxc6 Ne2+ 40. Kg2 Nxd4 41. Bxd5 Nb5 42. Kf3 Kf8 43. Ke3 Ke7 44. Kd3 Nc7 45. c6 Be6 46. Bxe6 Kxe6 47. Kd4 Kf5 48. f3 h5 49. Nc4 g5 50. Ne3+ Ke6 51. Kc5 h4 52. Kb6 hxg3 53. hxg3 Ne8 54. Kb7 Nxc6 55. Kxc6 Ke5 56. Kc5 f5 57. Nc6+ Kf6 58. Nd4 f4 59. Nd5+ Ke5 60. g4 1-0

[Event "LEM M-V 2026 Meisterturnier"]
[Site "Neubrandenburg"]
[Date "2026.03.28"]
[Round "1.2"]
[White "Scharf, Christian"]
[Black "Stövesand, Eric"]
[Result "1/2-1/2"]
[Time "09:30:00"]
[WhiteElo "1918"]
[BlackElo "1959"]

1. Nf3 d5 2. e3 Nf6 3. c4 c6 4. Nc3 Nbd7 5. cxd5 cxd5 6. Qb3 e6 7. d4 Bd6 8. Bd3 O-O 9. O-O h6 10. Bd2 a6 11. Rfc1 b5 12. Ne2 Qe7 13. Ba5 e5 14. dxe5 Nxe5 15. Nxe5 Qxe5 16. g3 Ne4 17. Bb4 Ng5 18. Bxd6 Qxd6 19. Nd4 Bg4 20. Be2 Bxe2 21. Nxe2 Qf6 22. Nf4 d4 23. h4 Nf3+ 24. Kg2 Nd2 25. Qd3 dxe3 26. Qxe3 Nc4 27. Qc3 Qxc3 28. bxc3 Nb6 29. Rd1 Rfd8 30. Rd4 Kf8 31. Rad1 Ke7 32. Rxd8 Rxd8 33. Rxd8 Kxd8 34. Kf3 Ke7 35. Ke4 Kd6 36. Kd4 Nc4 37. Nd3 Kc6 38. Nc5 a5 39. Nd3 Kd6 40. Nc5 Kc6 41. Nd3 1/2-1/2

[Event "LEM M-V 2026 Meisterturnier"]
[Site "Neubrandenburg"]
[Date "2026.03.28"]
[Round "1.3"]
[White "Großmann, Piet"]
[Black "Schreiber, Felix"]
[Result "1/2-1/2"]
[Time "09:30:00"]
[WhiteElo "2045"]
[BlackElo "1937"]

1. e4 c5 2. Nf3 d6 3. d4 cxd4 4. Nxd4 Nf6 5. Nc3 a6 6. Be3 e5 7. Nb3 Be6 8. f3 Be7 9. Qd2 O-O 10. O-O-O a5 11. Bb5 Na6 12. Kb1 Nc7 13. Qe2 Qc8 14. a4 Nxb5 15. Nxb5 Bc4 16. Qe1 Bxb5 17. axb5 a4 18. Na5 Qc7 19. b6 Qd7 20. Nc4 Qe6 21. Na3 d5 22. Nb5 Qc6 23. Nc7 Rad8 24. exd5 Nxd5 1/2-1/2

[Event "LEM M-V 2026 Meisterturnier"]
[Site "Neubrandenburg"]
[Date "2026.03.28"]
[Round "1.4"]
[White "Krause, Enrico"]
[Black "Walz, Fabian"]
[Result "1/2-1/2"]
[Time "09:30:00"]
[WhiteElo "1854"]
[BlackElo "2000"]

1. e4 c6 2. d4 d5 3. e5 Bf5 4. Nd2 e6 5. Nb3 Nd7 6. Nf3 Ne7 7. Be2 c5 8. dxc5 Nc6 9. Bf4 Nxc5 10. Nbd4 Be4 11. O-O Be7 12. Nxc6 bxc6 13. Nd4 Qc7 14. b4 Na4 15. b5 Nc3 16. Qd2 Nxe2+ 17. Qxe2 c5 18. Nc6 c4 19. Be3 Ba3 20. Rfb1 a6 21. Nd4 O-O 22. b6 Qd7 23. h4 h6 24. Qg4 Kh8 25. Qg3 Be7 26. a4 a5 27. Rb5 Rfb8 28. Bd2 f6 29. Rab1 Rb7 30. Bc3 fxe5 31. Nf3 Bxc2 32. Nxe5 Qe8 33. Nxc4 Bf8 34. Nxa5 Rxa5 35. Bxa5 Bxb1 36. Rxb1 Qxa4 37. Qc7 Qa2 38. Rc1 Qa3 39. Bd2 Qa8 40. Qc6 Qb8 41. Be3 Bd6 42. Qb5 Bf4 43. Bxf4 Qxf4 44. Rc8+ Kh7 45. Qc6 Rf7 46. Qc2+ Qf5 47. Qxf5+ exf5 48. Rc7 Rf6 49. b7 Rb6 50. Kf1 h5 51. Ke2 Rb4 52. Rd7 Kg6 53. Rd6+ Kf7 54. Rxd5 Ke6 55. Ra5 Rxb7 56. g3 Rb6 57. Ke3 Kf6 58. Kf4 Rb4+ 59. Kf3 Rb3+ 60. Kf4 Rb4+ 1/2-1/2

[Event "LEM M-V 2026 Meisterturnier"]
[Site "Neubrandenburg"]
[Date "2026.03.28"]
[Round "1.5"]
[White "Patzenhauer, Max"]
[Black "Schröder, Hannes Artur"]
[Result "1/2-1/2"]
[Time "09:30:00"]
[WhiteElo "1979"]
[BlackElo "1810"]

1. d4 d5 2. Nf3 Nf6 3. e3 e6 4. Bd3 c5 5. b3 Nc6 6. Bb2 Be7 7. Nbd2 O-O 8. Ne5 cxd4 9. exd4 Nb4 10. Be2 Bd7 11. a3 Nc6 12. Bd3 Qb6 13. Ndf3 Rfd8 14. Qe2 Rac8 15. O-O Nxe5 16. Nxe5 Bc6 17. Rfe1 Ne4 18. f3 Nd6 19. c4 Qxb3 20. Bc2 Qb6 21. c5 Bb5 22. cxb6 Bxe2 23. Rxe2 axb6 24. Bd3 Nc4 25. Rc2 b5 26. a4 f6 27. Ng4 bxa4 28. Rxa4 b5 29. Ra7 Bb4 30. Bc1 Ra8 31. Rca2 Rxa7 32. Rxa7 Bc3 33. Rb7 b4 34. Kf2 Bxd4+ 35. Ke2 Bc3 36. Ne3 Na5 37. Rb6 Nb3 38. Kd1 Ra8 39. Ra6 Rxa6 40. Bxa6 Nc5 41. Bb5 Kf7 42. Kc2 Be5 43. Nf1 b3+ 44. Kb1 Bc3 45. Ba3 Nb7 46. Ne3 Na5 47. Bc5 Nb7 48. Bb6 Nd6 49. Bd3 h5 50. Bc7 Ke7 51. Be2 g5 52. Bb8 f5 53. Bd1 Bd4 54. Nf1 b2 55. Be2 h4 56. Nd2 Bc3 57. Nb3 e5 58. Nc5 e4 59. Na4 Be5 60. h3 d4 61. Nxb2 d3 62. Nxd3 1/2-1/2

[Event "LEM M-V 2026 Meisterturnier"]
[Site "Neubrandenburg"]
[Date "2026.03.28"]
[Round "1.6"]
[White "Schmidt, Arne"]
[Black "Woll, Wilfried"]
[Result "1/2-1/2"]
[Time "09:30:00"]
[WhiteElo "1886"]
[BlackElo "1998"]

1. Nf3 d5 2. g3 c5 3. Bg2 Nc6 4. d4 e6 5. O-O a6 6. c4 Nf6 7. a3 cxd4 8. Nxd4 Be7 9. cxd5 exd5 10. Nc3 O-O 11. Nxc6 bxc6 12. b4 Bf5 13. Be3 Re8 14. Bd4 Qd7 15. Na4 Ne4 16. Rc1 c5 17. f3 Nd6 18. Nxc5 Qc8 19. e4 Be6 20. Nxe6 fxe6 21. f4 dxe4 22. Qe2 a5 23. Bc5 axb4 24. axb4 Qa6 25. Qh5 Rad8 26. Rfd1 Qb5 27. Qg6 Nf7 28. Bxe4 Rxd1+ 29. Rxd1 Bxc5+ 30. bxc5 Qxc5+ 1/2-1/2

[Event "LEM M-V 2026 Meisterturnier"]
[Site "Neubrandenburg"]
[Date "2026.03.28"]
[Round "1.7"]
[White "Ehlers, Michael"]
[Black "Johlke, Lorenz"]
[Result "1-0"]
[Time "09:30:00"]
[WhiteElo "1943"]
[BlackElo "1808"]

1. e4 e6 2. d3 d5 3. Nd2 Nf6 4. g3 dxe4 5. dxe4 e5 6. Ngf3 Nc6 7. c3 a5 8. Qe2 Bc5 9. Bg2 O-O 10. O-O Bd7 11. Nc4 Re8 12. h3 b5 13. Ncd2 b4 14. Rd1 Qc8 15. Kh2 Na7 16. Nf1 Bc6 17. Nh4 bxc3 18. bxc3 Nb5 19. Qc4 Nd7 20. Rxd7 Qxd7 21. Qxc5 Nd6 22. f3 h6 23. Ne3 g6 24. Nd5 Bxd5 25. Qxd5 Kg7 26. f4 c6 27. Qd3 Rad8 28. fxe5 Rxe5 29. Bf4 Re6 30. e5 Nb5 31. Qxd7 Rxd7 32. c4 Na3 33. Nf3 g5 34. Bd2 Nxc4 35. Bc3 Rd3 36. Rc1 a4 37. g4 Ne3 38. Nd4 Re8 39. Be4 Rd1 40. Nf5+ Kf8 41. Bb4+ Kg8 42. Nxh6+ Kg7 43. Nf5+ Kg8 44. Rxd1 Nxd1 45. Ne7+ Kh8 46. Bxc6 Rb8 47. a3 Nb2 48. Be4 Nc4 49. Nc6 Rb6 50. Kg3 Kg7 51. Kf2 Kh8 52. Ke2 Kg7 53. Kd3 Nxa3 54. Bd5 Nb5 55. Bc5 Ra6 56. Nb4 Rh6 57. Bg2 Re6 58. Kc4 Na3+ 59. Kd5 Nb1 60. Na2 Nd2 61. Bd4 Nb3 62. Bc3 Kf8 63. Kc4 f6 64. Bd5 Rxe5 65. Bxe5 fxe5 66. Kb4 Nd4 67. Nc3 Ke7 68. Kxa4 Kd6 69. Kb4 Ne2 70. Bg2 Nf4 71. Bf1 Nd5+ 72. Nxd5 Kxd5 73. Kc3 Ke4 74. Kd2 Kf3 75. Bc4 e4 76. Bd5 Kf4 77. Ke2 Ke5 78. Bb7 Kf4 79. Bc6 1-0

[Event "LEM M-V 2026 Meisterturnier"]
[Site "Neubrandenburg"]
[Date "2026.03.28"]
[Round "1.8"]
[White "Lippitz, Jaden"]
[Black "Peilert, Maximilian"]
[Result "1/2-1/2"]
[Time "09:30:00"]
[WhiteElo "1863"]
[BlackElo "1857"]

1. Nf3 d5 2. d4 Nf6 3. Bf4 c5 4. c3 Nc6 5. e3 Qb6 6. Qb3 c4 7. Qxb6 axb6 8. Na3 Ra5 9. Bc7 e6 10. Bxb6 Ra6 11. Bc5 Bxc5 12. dxc5 Ne4 13. Nb5 O-O 14. Be2 Nxc5 15. Nbd4 e5 16. Nxc6 bxc6 17. Nxe5 Re8 18. f4 Nb3 19. Rd1 Rxa2 20. Nxc6 Rxb2 21. Rxd5 Bb7 22. Rd6 Rb1+ 23. Bd1 Rxe3+ 24. Kf2 Rd3 25. Re1 g6 26. Ne7+ Kf8 27. Rb6 Rb2+ 28. Re2 Rxe2+ 29. Bxe2 Rd7 30. Nc6 Nc5 31. Ne5 Rc7 32. Bf3 Bxf3 33. Kxf3 Na4 34. Rb4 Nxc3 35. Rxc4 Rxc4 1/2-1/2

[Event "LEM M-V 2026 Meisterturnier"]
[Site "Neubrandenburg"]
[Date "2026.03.28"]
[Round "2.1"]
[White "Ehlers, Michael"]
[Black "Herrmann, Jakob"]
[Result "0-1"]
[Time "15:00:00"]
[WhiteElo "1943"]
[BlackElo "2203"]

1. Nf3 Nf6 2. g3 d5 3. Bg2 c5 4. d4 cxd4 5. Nxd4 e5 6. Nb3 Nc6 7. O-O h6 8. N1d2 Be6 9. c3 Be7 10. e4 O-O 11. Re1 a5 12. exd5 Bxd5 13. Nf3 a4 14. Nbd2 Bc5 15. Nf1 Re8 16. Be3 Bf8 17. h3 Qa5 18. g4 Qb5 19. Ng3 Qxb2 20. g5 hxg5 21. Bxg5 Bc5 22. Re2 Bxf3 23. Rxb2 Bxd1 24. Rxd1 Nh7 25. Be3 Bxe3 26. fxe3 Na5 27. Rb5 Nf6 28. Ne4 Nxe4 29. Bxe4 Nc4 30. Rxb7 Rad8 31. Rdd7 Rxd7 32. Rxd7 Rb8 33. Ra7 Nxe3 34. Rxa4 f5 35. Bd3 Rb2 36. Ba6 Kf7 37. a3 Kf6 38. Rb4 Rc2 39. c4 Kg5 40. Bb5 Kf4 41. Rb3 e4 42. a4 Kf3 43. a5 f4 44. a6 Kg3 45. Rxe3+ fxe3 0-1

[Event "LEM M-V 2026 Meisterturnier"]
[Site "Neubrandenburg"]
[Date "2026.03.28"]
[Round "2.2"]
[White "Stövesand, Eric"]
[Black "Krause, Enrico"]
[Result "0-1"]
[Time "15:00:00"]
[WhiteElo "1959"]
[BlackElo "1854"]

1. e4 c6 2. d4 d5 3. e5 c5 4. c3 Nc6 5. Be2 cxd4 6. cxd4 Qb6 7. Nc3 e6 8. Nf3 Nge7 9. Bd3 Bd7 10. Na4 Qc7 11. O-O Nb4 12. Bb1 Bb5 13. Re1 Rc8 14. Nc3 Ba6 15. h4 Nbc6 16. Bg5 h6 17. Be3 Na5 18. Bc1 Nc4 19. Bd3 Nc6 20. a3 Qa5 21. Ra2 Be7 22. b4 Qb6 23. Bf1 O-O 24. Ra1 Nb8 25. b5 Bxb5 26. Rb1 a6 27. a4 Qa5 28. Nxb5 axb5 29. Rxb5 Qa6 30. Qb3 Rc7 31. Nd2 Rfc8 32. g3 Nc6 33. Nf3 Na7 34. Bf4 Nxb5 35. axb5 Qa3 36. Qd1 Bb4 37. Nd2 Nxd2 38. Bxd2 Bxd2 39. Qxd2 Rc2 40. Qf4 Rc1 41. Rxc1 Qxc1 42. Qg4 Qe1 43. Kg2 Rc1 44. Qe2 Rd1 0-1

[Event "LEM M-V 2026 Meisterturnier"]
[Site "Neubrandenburg"]
[Date "2026.03.28"]
[Round "2.3"]
[White "Schröder, Hannes Artur"]
[Black "Großmann, Piet"]
[Result "1/2-1/2"]
[Time "15:00:00"]
[WhiteElo "1810"]
[BlackElo "2045"]

1. c4 e6 2. Nc3 d5 3. d4 Nf6 4. cxd5 exd5 5. Bg5 Bb4 6. a3 Bxc3+ 7. bxc3 h6 8. Bh4 g5 9. Bg3 Ne4 10. Qb3 h5 11. f3 Nxg3 12. hxg3 Qd6 13. O-O-O Nc6 14. e4 dxe4 15. Bc4 Rf8 16. Re1 Bf5 17. fxe4 Bd7 18. e5 Qe7 19. Bd5 O-O-O 20. Rxh5 f6 21. Nf3 Be8 22. exf6 Qxf6 23. Rxg5 Qh6 24. Bxc6 Bxc6 25. Qe6+ Qxe6 26. Rxe6 Bxf3 27. gxf3 Rxf3 28. Kb2 Rf7 29. Reg6 b6 30. Kb3 Rdd7 31. Kb4 Kb7 32. Rg4 Rf1 33. Rg7 Rff7 34. Rxf7 Rxf7 35. Rg8 Re7 36. g4 a6 37. g5 Rf7 38. g6 Rf1 39. g7 Rg1 40. a4 a5+ 41. Kc4 Rg5 42. Kd3 Rg3+ 43. Ke4 Rg4+ 44. Kf5 Rg1 45. c4 Rg2 46. Ke6 Rg1 47. Kd5 Rg5+ 48. Ke6 Rg1 49. Kd7 Rg2 50. d5 Rg1 51. Ke6 Re1+ 52. Kd7 Rg1 53. Ke6 Re1+ 54. Kf5 Rf1+ 55. Ke4 Rg1 56. Kd4 Rg4+ 57. Ke3 Rg3+ 58. Kf2 Rg6 59. Ke3 1/2-1/2

[Event "LEM M-V 2026 Meisterturnier"]
[Site "Neubrandenburg"]
[Date "2026.03.28"]
[Round "2.4"]
[White "Walz, Fabian"]
[Black "Scharf, Christian"]
[Result "1/2-1/2"]
[Time "15:00:00"]
[WhiteElo "2000"]
[BlackElo "1918"]

1. d4 d5 2. c4 c6 3. Nf3 Nf6 4. g3 g6 5. Bg2 Bg7 6. b3 O-O 7. O-O Bf5 8. Nc3 Ne4 9. Bb2 Nd7 10. Nh4 Ndf6 11. Nxf5 gxf5 12. e3 Rc8 13. Qe2 e6 14. Rfd1 Nxc3 15. Bxc3 Ne4 16. Bb2 Qg5 17. f3 Nf6 18. Ba3 Rfd8 19. Be7 Rd7 20. f4 Qg6 21. Bb4 Ne8 22. Rac1 Bf8 23. Bxf8 Kxf8 24. cxd5 exd5 25. e4 fxe4 26. b4 a6 27. a4 h5 28. Kf2 Rdc7 29. h3 f5 30. g4 hxg4 31. hxg4 Qxg4 32. Qxg4 fxg4 33. Rh1 Rg7 34. Kg3 Ke7 35. b5 Kd7 36. Rc5 axb5 37. axb5 Ra8 38. bxc6+ bxc6 39. Rd1 Kd6 40. Rh1 Kd7 41. Rc3 Ra2 42. Rh6 Ra6 43. Rh4 Ra1 44. Rh6 Ra6 45. Rb3 Kc7 46. Rc3 Kd7 1/2-1/2

[Event "LEM M-V 2026 Meisterturnier"]
[Site "Neubrandenburg"]
[Date "2026.03.28"]
[Round "2.5"]
[White "Schreiber, Felix"]
[Black "Patzenhauer, Max"]
[Result "1/2-1/2"]
[Time "15:00:00"]
[WhiteElo "1937"]
[BlackElo "1979"]

1. d4 Nf6 2. Nf3 c5 3. e3 d5 4. b3 Bg4 5. Be2 e6 6. Nbd2 Nc6 7. Bb2 Rc8 8. a3 Be7 9. O-O Qb6 10. c4 O-O 11. cxd5 Nxd5 12. Nc4 Qc7 13. dxc5 Bxc5 14. b4 Be7 15. Rc1 Rfd8 16. Qe1 a6 17. Na5 Ndxb4 18. Nxc6 Nxc6 19. Nd4 Bxe2 20. Qxe2 Qa5 21. Nxc6 bxc6 22. Qg4 Qg5 23. Qxg5 Bxg5 24. Rc5 Rd5 25. Rfc1 Be7 26. Rxd5 exd5 27. Kf1 f6 28. Ke2 Kf7 29. Kd3 Ke6 30. e4 c5 31. exd5+ Kxd5 32. Kc2 Rc7 33. Rd1+ Kc6 34. Re1 Bd6 35. h3 Re7 36. Rxe7 Bxe7 37. Kb3 Bd6 38. Kc4 Be5 39. Bc1 Bd4 40. f3 Be5 41. a4 h5 42. g4 hxg4 43. hxg4 g6 44. f4 Bd4 45. f5 gxf5 46. gxf5 Kd6 47. Bf4+ Kc6 48. Bd2 Bf2 49. Bc3 Bh4 1/2-1/2

[Event "LEM M-V 2026 Meisterturnier"]
[Site "Neubrandenburg"]
[Date "2026.03.28"]
[Round "2.6"]
[White "Woll, Wilfried"]
[Black "Lippitz, Jaden"]
[Result "1-0"]
[Time "15:00:00"]
[WhiteElo "1998"]
[BlackElo "1863"]

1. c4 c5 2. g3 Nf6 3. Bg2 e6 4. Nf3 Nc6 5. O-O Be7 6. d4 cxd4 7. Nxd4 d5 8. Nc3 Nxd4 9. Qxd4 dxc4 10. Qxc4 O-O 11. b4 Qb6 12. a3 e5 13. Be3 Be6 14. Nd5 Qd8 15. Nxe7+ Qxe7 16. Qb5 Rfe8 17. Qxb7 Qxb7 18. Bxb7 Rab8 19. Bc6 Re7 20. Bc5 1-0

[Event "LEM M-V 2026 Meisterturnier"]
[Site "Neubrandenburg"]
[Date "2026.03.28"]
[Round "2.7"]
[White "Peilert, Maximilian"]
[Black "Schmidt, Arne"]
[Result "1-0"]
[Time "15:00:00"]
[WhiteElo "1857"]
[BlackElo "1886"]

1. d4 Nf6 2. c4 g6 3. f3 d5 4. cxd5 Nxd5 5. e4 Nb6 6. Be3 Bg7 7. Nc3 O-O 8. Qd2 e5 9. d5 c6 10. h4 cxd5 11. exd5 N8d7 12. h5 e4 13. fxe4 Ne5 14. Bh6 Nbc4 15. Bxc4 Nxc4 16. Qc1 Ne5 17. Qd2 Nc4 18. Qe2 Bxh6 19. Qxc4 Qg5 20. Qe2 Bg4 21. Nf3 Qf4 22. hxg6 hxg6 23. Qd2 Qxd2+ 24. Nxd2 Bf4 25. Nc4 Bg3+ 26. Kd2 Rac8 27. Ne3 Bd7 28. Rh6 Bf4 29. Rc1 Bg3 30. Rh5 Bf4 31. Rhh1 Rfe8 32. Rcf1 Bg5 33. Kd3 f5 34. Re1 fxe4+ 35. Nxe4 Bxe3 36. Rxe3 Bf5 37. Rhe1 b5 38. g4 Bxe4+ 39. Rxe4 Rxe4 40. Rxe4 Kf7 41. Rb4 a6 42. a4 bxa4 43. Rxa4 Rc5 44. Kd4 Rc2 45. b4 Rg2 46. Rxa6 Rxg4+ 47. Kc5 Rg1 48. b5 Rc1+ 49. Kd6 g5 50. Rc6 Rb1 51. b6 g4 52. Kc7 g3 53. Rc2 1-0

[Event "LEM M-V 2026 Meisterturnier"]
[Site "Neubrandenburg"]
[Date "2026.03.28"]
[Round "2.8"]
[White "Kunow, Frank"]
[Black "Johlke, Lorenz"]
[Result "1/2-1/2"]
[Time "15:00:00"]
[WhiteElo "1957"]
[BlackElo "1808"]

1. Nf3 e6 2. c4 f5 3. g3 Nf6 4. Bg2 Be7 5. O-O O-O 6. d3 d6 7. Nc3 Qe8 8. e4 e5 9. Qb3 Kh8 10. exf5 Nc6 11. Nb5 Bd8 12. Be3 Bxf5 13. Nh4 Bd7 14. a4 Qh5 15. Qd1 Qf7 16. h3 Ng8 17. Bd5 Qe8 18. Kh2 a6 19. Nc3 Bxh4 20. gxh4 Nf6 21. Bg2 Nh5 22. Nd5 Rc8 23. Qd2 Nd4 24. Bxd4 exd4 25. Rae1 Qd8 26. Ne7 Rb8 27. Qg5 Nf6 28. f4 Rf7 29. Nd5 Bc6 30. b3 Nxd5 31. cxd5 Bd7 32. Re4 c5 33. Rfe1 Qf8 34. Re7 Rf5 35. Qg3 Rd8 36. R1e4 Rf7 37. Qg5 Rf5 38. Qg4 Rf7 39. Rxf7 Qxf7 40. Qg5 Re8 41. Rxe8+ Bxe8 42. Be4 b5 43. axb5 axb5 44. Kg3 Qf6 45. Qg4 g6 46. Qc8 Qe7 47. Kf3 Kg7 48. Kg3 Qd7 49. Qb8 h5 50. Qb6 Qe7 51. b4 Bd7 52. bxc5 Bc8 53. c6 Kh7 54. Qxd4 Bf5 55. Qb6 Qf6 56. c7 Qc3 57. Qa7 Kh6 58. Qb8 Bxe4 59. Qf8+ Kh7 60. Qe7+ Kh6 61. Qg5+ Kh7 62. Qe7+ Kh6 63. Qf8+ Kh7 64. Qe7+ Kh6 1/2-1/2

[Event "LEM M-V 2026 Meisterturnier"]
[Site "Neubrandenburg"]
[Date "2026.03.29"]
[Round "3.1"]
[White "Herrmann, Jakob"]
[Black "Woll, Wilfried"]
[Result "1-0"]
[Time "09:00:00"]
[WhiteElo "2203"]
[BlackElo "1998"]

1. d4 d5 2. c4 e6 3. Nf3 Nf6 4. g3 Be7 5. Bg2 O-O 6. O-O c6 7. Nc3 Nbd7 8. Nd2 b6 9. b3 Bb7 10. e4 Bb4 11. Bb2 Bxc3 12. Bxc3 dxe4 13. Nxe4 Nxe4 14. Bxe4 Nf6 15. Bg2 Qe7 16. Re1 Rfd8 17. Qe2 Rd7 18. h4 Rc8 19. g4 Ne8 20. g5 Nd6 21. Qg4 Qd8 22. Rad1 Qc7 23. h5 Re8 24. g6 hxg6 25. hxg6 Rdd8 26. Re5 Bc8 27. Rde1 Rf8 28. Rh5 fxg6 29. Qxg6 Nf5 30. d5 cxd5 31. Qh7+ Kf7 32. Rxf5+ 1-0

[Event "LEM M-V 2026 Meisterturnier"]
[Site "Neubrandenburg"]
[Date "2026.03.29"]
[Round "3.2"]
[White "Krause, Enrico"]
[Black "Peilert, Maximilian"]
[Result "0-1"]
[Time "09:00:00"]
[WhiteElo "1854"]
[BlackElo "1857"]

1. c4 c6 2. Nc3 d5 3. d4 Nf6 4. Nf3 dxc4 5. a4 Bf5 6. Ne5 Nbd7 7. Nxc4 Qc7 8. g3 e5 9. dxe5 Nxe5 10. Bf4 Nfd7 11. Bg2 g5 12. Bxe5 Nxe5 13. Qd4 f6 14. Ne3 Be6 15. a5 a6 16. Ne4 Be7 17. O-O Rd8 18. Qc3 O-O 19. Kh1 f5 20. f4 gxf4 21. gxf4 Ng6 22. Ng5 Bxg5 23. fxg5 Qe5 24. Rad1 Qxc3 25. bxc3 f4 26. Nc2 Bc4 27. Bf3 Ne5 28. Na3 Be6 29. Kg2 Nxf3 30. Kxf3 Bd5+ 31. Kf2 c5 32. Ke1 Bb3 33. Rxd8 Rxd8 34. Rxf4 Rd1+ 35. Kf2 Ra1 36. Nc4 Ra4 37. h4 Rxc4 38. Rxc4 Bxc4 39. h5 Kf7 40. e4 Ke6 41. Ke3 Ke5 42. h6 Bf7 43. Kd3 c4+ 0-1

[Event "LEM M-V 2026 Meisterturnier"]
[Site "Neubrandenburg"]
[Date "2026.03.29"]
[Round "3.3"]
[White "Großmann, Piet"]
[Black "Ehlers, Michael"]
[Result "1/2-1/2"]
[Time "09:00:00"]
[WhiteElo "2045"]
[BlackElo "1943"]

1. e4 c5 2. Nf3 Nc6 3. d4 cxd4 4. Nxd4 Nf6 5. Nc3 e5 6. Ndb5 d6 7. Bg5 a6 8. Na3 b5 9. Nd5 Be7 10. Bxf6 Bxf6 11. c3 O-O 12. Nc2 Rb8 13. a4 bxa4 14. Ncb4 Nxb4 15. cxb4 a5 16. b5 Be6 17. Rxa4 Rc8 18. Bc4 Rc5 19. O-O Bxd5 20. Bxd5 Rxb5 21. Qa1 Qb6 22. b3 Bg5 23. Qa2 g6 24. Ra1 Bd8 25. g3 1/2-1/2

[Event "LEM M-V 2026 Meisterturnier"]
[Site "Neubrandenburg"]
[Date "2026.03.29"]
[Round "3.4"]
[White "Patzenhauer, Max"]
[Black "Walz, Fabian"]
[Result "0-1"]
[Time "09:00:00"]
[WhiteElo "1979"]
[BlackElo "2000"]

1. d4 d5 2. Nf3 e6 3. e3 Bd6 4. b3 c6 5. Bd3 f5 6. O-O Nf6 7. c4 O-O 8. Ba3 Bxa3 9. Nxa3 Ne4 10. Nd2 Qg5 11. Nc2 Bd7 12. f3 Nxd2 13. Qxd2 Be8 14. Qb4 Rf7 15. e4 Na6 16. Qc3 fxe4 17. fxe4 Rxf1+ 18. Rxf1 Bg6 19. cxd5 cxd5 20. Bxa6 Bxe4 21. Ne1 bxa6 22. Qc6 Rd8 23. Qxe6+ Kh8 24. Nf3 Qe3+ 25. Rf2 Qc1+ 26. Rf1 Qe3+ 27. Rf2 Rf8 28. h3 h6 29. Qg4 Rf4 30. Qc8+ Kh7 31. Qe8 Rf6 32. h4 Rg6 33. Qf7 a5 34. Qe8 Rxg2+ 35. Kh1 Qxf2 36. Ng5+ Rxg5+ 0-1

[Event "LEM M-V 2026 Meisterturnier"]
[Site "Neubrandenburg"]
[Date "2026.03.29"]
[Round "3.5"]
[White "Scharf, Christian"]
[Black "Schreiber, Felix"]
[Result "1/2-1/2"]
[Time "09:00:00"]
[WhiteElo "1918"]
[BlackElo "1937"]

1. e4 c5 2. Nf3 d6 3. d4 cxd4 4. Nxd4 Nf6 5. Nc3 a6 6. Be3 e5 7. Nb3 Be6 8. f3 Be7 9. Qd2 O-O 10. O-O-O a5 11. a4 Na6 12. g4 Nb4 13. Kb1 d5 14. g5 Ne8 15. exd5 Bf5 16. Rc1 Rc8 17. f4 Bd6 18. fxe5 Bxe5 19. Nd4 Bg6 20. h4 Nxd5 21. Nxd5 Qxd5 22. Bg2 Be4 23. Bxe4 Qxe4 24. h5 Nd6 25. b3 Rfd8 26. Qd3 Qxd3 27. cxd3 Rxc1+ 28. Rxc1 Rc8 29. Rxc8+ Nxc8 30. Kc2 Bc7 31. Nb5 Bd8 32. Kc3 Kf8 33. Bc5+ Ke8 34. Be3 g6 35. hxg6 hxg6 36. Kc4 Kd7 37. Kd5 Ne7+ 38. Ke5 Nc6+ 39. Kd5 Ne7+ 40. Ke5 Nc6+ 1/2-1/2

[Event "LEM M-V 2026 Meisterturnier"]
[Site "Neubrandenburg"]
[Date "2026.03.29"]
[Round "3.6"]
[White "Schmidt, Arne"]
[Black "Schröder, Hannes Artur"]
[Result "1-0"]
[Time "09:00:00"]
[WhiteElo "1886"]
[BlackElo "1810"]

1. Nf3 d5 2. g3 g6 3. Bg2 Bg7 4. d4 Nf6 5. O-O O-O 6. a4 a5 7. Na3 c6 8. c4 dxc4 9. Nxc4 Be6 10. Nce5 Nbd7 11. Ng5 Nxe5 12. Nxe6 fxe6 13. dxe5 Qxd1 14. Rxd1 Nd5 15. f4 Rfd8 16. h4 Nb4 17. Rd2 Rab8 18. Be4 b6 19. Kf1 c5 20. Ke1 Kf7 21. Rxd8 Rxd8 22. Be3 Nd5 23. Bd2 Bh6 24. Rd1 Ke8 25. Bd3 Nc7 26. Bc3 Bg7 27. Rd2 Bh6 28. Kf2 Kf8 29. e4 Ke8 30. Ke3 Bg7 31. g4 Bh6 32. g5 Bg7 33. Rc2 Kf7 34. Rd2 Nd5+ 35. exd5 exd5 36. Bc2 e6 37. Kf3 Bf8 38. Rd1 Be7 39. h5 Kg7 40. Rh1 d4 41. Bd2 c4 42. Be4 Bb4 43. Bxb4 axb4 44. b3 cxb3 45. h6+ Kf7 46. Bd3 Rc8 47. Rb1 Rc3 48. Ke4 Ke7 49. Kxd4 Kd7 50. Bc4 Rf3 51. Ke4 Rc3 52. Bxb3 1-0

[Event "LEM M-V 2026 Meisterturnier"]
[Site "Neubrandenburg"]
[Date "2026.03.29"]
[Round "3.7"]
[White "Johlke, Lorenz"]
[Black "Stövesand, Eric"]
[Result "0-1"]
[Time "09:00:00"]
[WhiteElo "1808"]
[BlackElo "1959"]

1. d4 d5 2. Bf4 Nf6 3. e3 c5 4. c3 e6 5. Nf3 Bd6 6. Bg3 Qc7 7. Nbd2 Nbd7 8. Bd3 O-O 9. O-O h6 10. e4 Bxg3 11. hxg3 dxe4 12. Nxe4 Nxe4 13. Bxe4 Nf6 14. Bc2 b6 15. Qe2 Bb7 16. Rfd1 Rad8 17. dxc5 Qxc5 18. Rxd8 Rxd8 19. Rd1 Rd5 20. Rxd5 Qxd5 21. Qe5 Qxe5 22. Nxe5 Kf8 23. f3 Ke7 24. Kf2 Ne8 25. Ba4 Nd6 26. Nc6+ Bxc6 27. Bxc6 Nc4 28. b3 Ne5 29. Bb5 Kd6 30. g4 Kc5 31. Be2 a5 32. a4 Nd7 33. Ke3 Nf6 34. Bc4 Ng8 35. f4 Nf6 36. Kf3 g5 37. f5 Kd6 38. Be2 Nd5 39. c4 Nf6 40. Ke3 Kc5 41. Kd3 exf5 42. gxf5 h5 43. Bd1 h4 44. Ke3 Nd7 45. Ke4 f6 46. Bc2 Ne5 47. Bd1 g4 48. Kf4 g3 49. Be2 Kd4 50. Bf1 Kc3 51. Ke4 Kxb3 52. Kd5 Ng4 53. Ke6 Kxa4 54. Be2 h3 55. Bxg4 hxg2 56. Kxf6 g1=Q 57. Kg6 Qd4 0-1

[Event "LEM M-V 2026 Meisterturnier"]
[Site "Neubrandenburg"]
[Date "2026.03.29"]
[Round "3.8"]
[White "Lippitz, Jaden"]
[Black "Kunow, Frank"]
[Result "1-0"]
[Time "09:00:00"]
[WhiteElo "1863"]
[BlackElo "1957"]

1. d4 Nf6 2. c4 e6 3. Nc3 Bb4 4. Nf3 Ne4 5. Qc2 f5 6. Nd2 Nf6 7. e4 O-O 8. exf5 exf5 9. Bd3 Qe7+ 10. Ne2 d5 11. O-O c6 12. Nf3 Ne4 13. c5 Ba5 14. Bf4 Bc7 15. Bxc7 Qxc7 16. Ne5 Nd7 17. Nxd7 Bxd7 18. f3 Rae8 19. Qa4 Ng5 20. Qxa7 Re3 21. Rad1 Rfe8 22. f4 Nf7 23. Ng3 g6 24. Qb6 Qb8 25. a4 h5 26. a5 Qa8 27. Kf2 Nh6 28. Qc7 Ng4+ 29. Kg1 Nf6 30. b4 h4 31. Ne2 Rxe2 32. Bxe2 Rxe2 33. Rfe1 Qe8 34. Kf1 Re4 35. Qxb7 Ng4 36. h3 Ne3+ 37. Rxe3 Rxe3 38. a6 Bc8 39. Qb6 Bxa6+ 40. Qxa6 Qe4 41. Qxc6 Re2 42. Qxg6+ Kf8 43. Qf6+ Kg8 44. Qg5+ Kf8 45. Ra1 Qd3 46. Qh6+ Kf7 47. Qh5+ 1-0

[Event "LEM M-V 2026 Meisterturnier"]
[Site "Neubrandenburg"]
[Date "2026.03.29"]
[Round "4.1"]
[White "Peilert, Maximilian"]
[Black "Herrmann, Jakob"]
[Result "0-1"]
[Time "15:00:00"]
[WhiteElo "1857"]
[BlackElo "2203"]

1. d4 d5 2. c4 e6 3. Nf3 Nf6 4. g3 Be7 5. Bg2 O-O 6. O-O c6 7. Qc2 b6 8. Rd1 Bb7 9. b3 c5 10. dxc5 bxc5 11. cxd5 exd5 12. Nc3 Nbd7 13. Bf4 d4 14. Nb5 Qb6 15. a4 Be4 16. Qb2 a5 17. Rac1 Rac8 18. Nd2 Bxg2 19. Kxg2 Nd5 20. Nc4 Nxf4+ 21. gxf4 Qg6+ 22. Kh1 Qe4+ 23. f3 Qxf4 24. Rg1 Ne5 25. Nxe5 Qxe5 26. Qd2 Rc6 27. Rg2 Rg6 28. Rcg1 Qd5 29. Qd3 Bd8 30. Na3 Re8 31. Nc4 Bc7 32. Qd2 Qh5 33. Nxa5 Ree6 34. Nc4 Rxg2 35. Rxg2 Rg6 36. f4 Rxg2 37. Kxg2 Qg6+ 38. Kf2 Qh6 39. Kg3 g5 40. e3 dxe3 0-1

[Event "LEM M-V 2026 Meisterturnier"]
[Site "Neubrandenburg"]
[Date "2026.03.29"]
[Round "4.2"]
[White "Walz, Fabian"]
[Black "Großmann, Piet"]
[Result "1/2-1/2"]
[Time "15:00:00"]
[WhiteElo "2000"]
[BlackElo "2045"]

1. d4 Nf6 2. c4 e6 3. g3 d5 4. Bg2 Be7 5. Nf3 O-O 6. O-O dxc4 7. Qc2 a6 8. a4 Nc6 9. Qxc4 Qd5 10. Nbd2 Rd8 11. e3 Qxc4 12. Nxc4 Bd7 13. Bd2 Be8 14. Rfc1 Nd5 15. Nfe5 Nxe5 16. Nxe5 Rdc8 17. b4 Rab8 18. Nd3 h6 19. Nc5 Rd8 20. h3 Bf8 21. Rd1 Bc6 22. e4 Nf6 23. Bf4 Rbc8 24. f3 Nh5 25. Kf2 Nxf4 26. gxf4 Bxc5 27. bxc5 b6 28. a5 bxc5 29. dxc5 Rxd1 30. Rxd1 Rb8 31. Bf1 Kf8 32. Bxa6 1/2-1/2